Convierta su sala de clases en gimnasio y taller de implementos deportivos
Enregistré dans:
| Auteur principal: | |
|---|---|
| Format: | Livre |
| Langue: | espagnol |
| Publié: |
Santiago
s.n
1978
|
| Sujets: | |
| Tags: |
Ajouter un tag
Pas de tags, Soyez le premier à ajouter un tag!
|
MARC
| LEADER | 00000nam a2200000 a 4500 | ||
|---|---|---|---|
| 001 | UCZ0136 | ||
| 003 | CL-VaPUC | ||
| 008 | 950724e19780000CL |||||||||||||||||spa|d | ||
| 082 | 0 | 4 | |a 796.44 |b ZAV |2 21 |
| 100 | 0 | |a Zavala V., Lucía |e author |9 342776 | |
| 245 | 1 | 0 | |a Convierta su sala de clases en gimnasio y taller de implementos deportivos |
| 300 | |a 44 p | ||
| 942 | |c BK | ||
| 945 | |d 19950724 00:00:00 |a lriquelm | ||
| 260 | |a Santiago |b s.n |c 1978 | ||
| 650 | 0 | |a Educación física |9 240893 | |
| 650 | 7 | |a GIMNASIA |2 CL-VaPUC |9 307275 | |
| 650 | 7 | |a CAMPO DE JUEGO |2 CL-VaPUC |9 342742 | |
| 650 | 7 | |a EJERCICIO |2 CL-VaPUC |9 310040 | |
| 650 | 7 | |a ESPACIO ABIERTOS |2 CL-VaPUC |9 342777 | |
| 650 | 7 | |a JUEGO METODO DE ENSEÑANZA |2 CL-VaPUC |9 338389 | |
| 583 | |a last modification |c 20120903 10:20:39 |k Rodrigo Vera | ||
| 999 | |c 237102 |d 237100 | ||
| 952 | |0 0 |1 0 |4 0 |6 796_440000000000000_ZAV_1978 |7 0 |8 P |9 245879 |a BIBEDU |b BIBEDU |c BIBEDU_PB |d 2019-11-18 |i 1541838 |o 796.44 ZAV 1978 |p 1541838 |r 2024-01-25 |w 2019-11-18 |y BK |k EDU | ||